[Event "Rottach Egern Seniors Cup 13th"]
[Site "Rottach Egern"]
[Date "2025.03.29"]
[Round "1"]
[White "Ganslmayer, Anton"]
[Black "Pfitzer, Norbert"]
[Result "1-0"]
[WhiteElo "1820"]
[BlackElo "2059"]
[PlyCount "55"]
[EventDate "2025.03.29"]
[EventType "swiss"]
[EventRounds "9"]
[EventCountry "GER"]
[SourceTitle "CB16_2025"]
[SourceDate "2025.04.16"]
[SourceVersion "1"]
[SourceVersionDate "2025.04.16"]
[SourceQuality "1"]

1. Nf3 Nf6 2. d4 g6 3. Nc3 d5 4. Bf4 Bg7 5. e3 Nh5 6. Be5 f6 7. Bg3 Nxg3 8. hxg3 Be6 9. Bd3 Bf7 10. Qd2 Nd7 11. e4 c6 12. exd5 cxd5 13. Kf1 0-0 14. Re1 e5 15. dxe5 Nxe5 16. Be2 Rc8 17. Rd1 Nc4 18. Bxc4 dxc4 19. Qc1 Qa5 20. Rh4 Rfd8 21. Rhd4 f5 22. Rd7 Rxd7 23. Rxd7 Qb6 24. Ng5 Be8 25. Nd5 Qxb2 26. Qxb2 Bxb2 27. Rxb7 Ba3 28. Nf6+ 1-0

[Event "Rottach Egern Seniors Cup 11th"]
[Site "Rottach Egern"]
[Date "2023.04.18"]
[Round "4"]
[White "Pfitzer, Norbert"]
[Black "Marentini, Marcel"]
[Result "1-0"]
[WhiteElo "2022"]
[BlackElo "2118"]
[PlyCount "49"]
[EventDate "2023.04.15"]
[EventType "swiss"]
[EventRounds "9"]
[EventCountry "GER"]
[SourceTitle "EXT 2024"]
[Source "ChessBase"]
[SourceDate "2023.10.10"]
[SourceVersion "1"]
[SourceVersionDate "2023.10.10"]
[SourceQuality "1"]

1. d4 Nf6 2. c4 e6 3. Nf3 b6 4. g3 Bb4+ 5. Bd2 Be7 6. Bg2 Ba6 7. Ne5 c6 8. 0-0 0-0 9. Nc3 d5 10. cxd5 exd5 11. Re1 Nfd7 12. Nxd5 Nxe5 13. Nxe7+ Qxe7 14. dxe5 Qxe5 15. Bc3 Qg5 16. h4 Qe7 17. Qd4 f6 18. Rad1 Bb7 19. Qd6 Re8 20. e3 Kf7 21. Qd3 Kg8 22. e4 Qf7 23. e5 fxe5 24. Rxe5 Rf8 25. Qe3 1-0

[Event "Rottach Egern Seniors Cup 10th"]
[Site "Rottach Egern"]
[Date "2022.03.27"]
[Round "2"]
[White "Eibl, Guenter"]
[Black "Pfitzer, Norbert"]
[Result "0-1"]
[WhiteElo "1736"]
[BlackElo "2026"]
[PlyCount "138"]
[EventDate "2022.03.26"]
[EventType "swiss"]
[EventRounds "9"]
[EventCountry "GER"]
[SourceTitle "CBM 207 Extra"]
[Source "ChessBase"]
[SourceDate "2022.05.31"]
[SourceVersion "1"]
[SourceVersionDate "2022.05.31"]
[SourceQuality "1"]

1. d4 Nf6 2. c4 g6 3. Nc3 Bg7 4. e4 d6 5. Nf3 c5 6. d5 0-0 7. Be2 e6 8. 0-0 e5 9. Qc2 Na6 10. a3 Bd7 11. Rb1 Nc7 12. b4 b6 13. Bd2 Nh5 14. Ne1 Nf4 15. Nd3 Nxe2+ 16. Nxe2 f5 17. f3 Ne8 18. Nc3 Rc8 19. b5 Nf6 20. a4 Rc7 21. Ra1 Bc8 22. Rae1 f4 23. Re2 g5 24. Kf2 g4 25. Ke1 Nh5 26. Kd1 Qh4 27. Rh1 Kh8 28. Ree1 gxf3 29. gxf3 Qh3 30. Ref1 Bf6 31. Be1 Rg7 32. Qe2 Rg2 33. Nf2 Qd7 34. Rfg1 Rfg8 35. Qf1 Qg7 36. Rxg2 Qxg2 37. Qxg2 Rxg2 38. Nd3 Rg6 39. Bf2 Ng7 40. Rg1 Rh6 41. Rh1 Rh3 42. Ne1 Bd7 43. Ne2 Kg8 44. Ng1 Rh6 45. Ne2 Kf7 46. Kd2 Bd8 47. Kd1 Nh5 48. Kd2 Nf6 49. Kd3 Rh5 50. Kd2 h6 51. Kd3 Nh7 52. Kd2 Ng5 53. Ng1 Nh3 54. Nxh3 Bxh3 55. Rg1 Rg5 56. Rxg5 hxg5 57. Ke2 Kg6 58. Nd3 g4 59. Ne1 Kh5 60. fxg4+ Kxg4 61. Nf3 Bg2 62. Nd2 Bg5 63. Ke1 Kh3 64. Bg1 f3 65. Kd1 Bf4 66. Ke1 Kg4 67. Nf1 f2+ 68. Kxf2 Bxe4 69. Ne3+ Kh3 0-1

[Event "Berlin-ch Seniors op 37th"]
[Site "Berlin"]
[Date "2021.06.12"]
[Round "5"]
[White "Mayer, Herbert"]
[Black "Pfitzer, Norbert"]
[Result "1/2-1/2"]
[WhiteElo "1803"]
[BlackElo "2077"]
[PlyCount "38"]
[EventDate "2021.06.08"]
[EventType "swiss"]
[EventRounds "9"]
[EventCountry "GER"]
[SourceTitle "EXT 2022"]
[Source "ChessBase"]
[SourceDate "2021.10.06"]
[SourceVersion "1"]
[SourceVersionDate "2021.10.06"]
[SourceQuality "1"]

1. f4 Nf6 2. b3 g6 3. Bb2 Bg7 4. Nf3 0-0 5. e3 c5 6. Be2 Nc6 7. 0-0 d5 8. Ne5 Qb6 9. Nxc6 bxc6 10. Nc3 c4 11. Na4 Qb5 12. Nc3 Qb4 13. Qc1 Rb8 14. Ba3 Qb7 15. bxc4 Ne4 16. Rb1 Nxc3 17. dxc3 Qxb1 18. Qxb1 Rxb1 19. Rxb1 Bf6 1/2-1/2

[Event "Berlin-ch Seniors op 37th"]
[Site "Berlin"]
[Date "2021.06.09"]
[Round "2"]
[White "Pfitzer, Norbert"]
[Black "Fitzke, Ulrich"]
[Result "1-0"]
[WhiteElo "2077"]
[BlackElo "1813"]
[PlyCount "73"]
[EventDate "2021.06.08"]
[EventType "swiss"]
[EventRounds "9"]
[EventCountry "GER"]
[SourceTitle "EXT 2022"]
[Source "ChessBase"]
[SourceDate "2021.10.06"]
[SourceVersion "1"]
[SourceVersionDate "2021.10.06"]
[SourceQuality "1"]

1. Nf3 d5 2. d4 e6 3. g3 b6 4. Bg2 Nd7 5. 0-0 Ngf6 6. c4 Bb7 7. Ne5 c6 8. Nc3 Nxe5 9. dxe5 Nd7 10. cxd5 cxd5 11. Qa4 Be7 12. e4 dxe4 13. Nxe4 Bd5 14. Rd1 0-0 15. Be3 Nxe5 16. Nc3 Qc7 17. Nxd5 exd5 18. Rac1 Qd7 19. Qxd7 Nxd7 20. Rc7 Rad8 21. Rxd5 Nf6 22. Rxd8 Bxd8 23. Rxa7 Re8 24. Rb7 Re6 25. Rb8 Re8 26. Bc6 Rf8 27. Bxb6 Bxb6 28. Rxb6 g6 29. a4 Ng4 30. h3 Ne5 31. Bd5 Rd8 32. Rb5 Nd3 33. a5 Nxb2 34. a6 Nd1 35. a7 Nc3 36. Rb8 Nxd5 37. Rxd8+ 1-0

[Event "Erfurt op Seniors 29th"]
[Site "Erfurt"]
[Date "2019.12.28"]
[Round "3"]
[White "Weidlich, Guenter"]
[Black "Pfitzer, Norbert"]
[Result "1/2-1/2"]
[WhiteElo "2167"]
[BlackElo "2028"]
[PlyCount "38"]
[EventDate "2019.12.26"]
[EventType "swiss"]
[EventRounds "5"]
[EventCountry "GER"]
[SourceTitle "CBM 194 Extra"]
[Source "ChessBase"]
[SourceDate "2020.03.31"]
[SourceVersion "1"]
[SourceVersionDate "2020.03.31"]
[SourceQuality "1"]

1. b3 e5 2. Bb2 Nc6 3. c4 Nf6 4. e3 Be7 5. a3 a5 6. Qc2 0-0 7. Nf3 d6 8. d4 exd4 9. Nxd4 Nxd4 10. Bxd4 Re8 11. Bd3 g6 12. 0-0 Bf8 13. Qb2 Bg7 14. Nd2 Nh5 15. Bxg7 Nxg7 16. Nf3 Bf5 17. Rfd1 Qe7 18. Qc3 Bxd3 19. Rxd3 Ne6 1/2-1/2

[Event "Hamburg-ch Seniors 65+ op 26th"]
[Site "Hamburg"]
[Date "2019.11.16"]
[Round "6"]
[White "Grimm, Uwe"]
[Black "Pfitzer, Norbert"]
[Result "1-0"]
[WhiteElo "2104"]
[BlackElo "2038"]
[PlyCount "81"]
[EventDate "2019.11.11"]
[EventType "swiss"]
[EventRounds "9"]
[EventCountry "GER"]
[SourceTitle "EXT 2022"]
[Source "ChessBase"]
[SourceDate "2021.10.06"]
[SourceVersion "1"]
[SourceVersionDate "2021.10.06"]
[SourceQuality "1"]

1. f4 Nf6 2. Nf3 c5 3. e3 Nc6 4. b3 g6 5. Bb2 Bg7 6. Bb5 0-0 7. 0-0 Qb6 8. Bxc6 bxc6 9. Nc3 d6 10. Kh1 Bg4 11. Qe1 Bf5 12. d3 a5 13. e4 Bg4 14. Na4 Qc7 15. Qh4 Bxf3 16. Rxf3 Rab8 17. e5 Ne8 18. Rh3 h5 19. Re1 dxe5 20. fxe5 f6 21. Nxc5 Qc8 22. e6 Rb4 23. c4 Nd6 24. Bc3 Nf5 25. Qf2 Rd8 26. Bxb4 axb4 27. Nd7 Rxd7 28. exd7 Qxd7 29. Qc5 Qd6 30. Qa7 e5 31. Rf1 Nd4 32. c5 Qd8 33. Qb6 Qa8 34. Qxb4 Qxa2 35. Qc4+ Kh7 36. b4 Qe2 37. Qc1 f5 38. Re3 Qg4 39. Ree1 f4 40. Re4 h4 41. Rxd4 1-0

[Event "Bad Wiessee Senioren Cup 8th"]
[Site "Bad Wiessee"]
[Date "2019.05.18"]
[Round "8"]
[White "Sukatsch, Manfred"]
[Black "Pfitzer, Norbert"]
[Result "1-0"]
[WhiteElo "1848"]
[BlackElo "2047"]
[PlyCount "89"]
[EventDate "2019.05.11"]
[EventType "swiss"]
[EventRounds "9"]
[EventCountry "GER"]
[SourceTitle "EXT 2020"]
[Source "ChessBase"]
[SourceDate "2019.10.17"]
[SourceVersion "1"]
[SourceVersionDate "2019.10.17"]
[SourceQuality "1"]

1. Nf3 Nf6 2. d4 g6 3. e3 Bg7 4. Be2 0-0 5. b3 c5 6. 0-0 cxd4 7. exd4 d5 8. Nbd2 Nc6 9. Bb2 Bf5 10. c3 Rc8 11. Nh4 Bd7 12. f4 e6 13. Qe1 Ne4 14. Nhf3 Qb6 15. Kh1 f5 16. Nxe4 fxe4 17. Ng5 h6 18. Nh3 Ne7 19. Ba3 Rf7 20. Bxe7 Rxe7 21. Qg3 Be8 22. Nf2 Rec7 23. Nd1 Bb5 24. Qe3 a6 25. Re1 Rxc3 26. Nxc3 Bxd4 27. Qg3 Bxc3 28. Qxg6+ Bg7 29. Bxb5 axb5 30. f5 Qd8 31. Qxe6+ Kh8 32. Rac1 Rxc1 33. Rxc1 Qg5 34. Rf1 e3 35. f6 Bf8 36. Qe8 Kg8 37. Qxb5 Qe5 38. Qe2 h5 39. h3 Bd6 40. g3 Qe4+ 41. Rf3 d4 42. Kg2 Kf8 43. Qc4 b5 44. Qc8+ Qe8 45. Qxe8+ 1-0

[Event "Bad Wiessee Senioren Cup 8th"]
[Site "Bad Wiessee"]
[Date "2019.05.17"]
[Round "7"]
[White "Pfitzer, Norbert"]
[Black "Suligoj, Alois"]
[Result "1-0"]
[WhiteElo "2047"]
[BlackElo "1779"]
[PlyCount "65"]
[EventDate "2019.05.11"]
[EventType "swiss"]
[EventRounds "9"]
[EventCountry "GER"]
[SourceTitle "EXT 2020"]
[Source "ChessBase"]
[SourceDate "2019.10.17"]
[SourceVersion "1"]
[SourceVersionDate "2019.10.17"]
[SourceQuality "1"]

1. Nf3 g6 2. d4 Nf6 3. c4 d5 4. Nc3 c6 5. g3 Bg7 6. b3 Ne4 7. Bb2 f5 8. e3 0-0 9. Rc1 Nxc3 10. Bxc3 Nd7 11. Bg2 Nf6 12. 0-0 Ne4 13. Bb2 Bd7 14. Ne5 e6 15. f3 Nf6 16. Qe2 Be8 17. Ba3 h6 18. Rc2 Kh7 19. Bxf8 Bxf8 20. cxd5 exd5 21. Qd3 Bg7 22. g4 Nd7 23. gxf5 Bxe5 24. dxe5 gxf5 25. f4 Qe7 26. Bh3 Nc5 27. Bxf5+ Kh8 28. Qd4 Bh5 29. e6+ Qg7+ 30. Qxg7+ Kxg7 31. Rxc5 Kf6 32. Bh3 Rg8+ 33. Kf2 1-0

[Event "Bad Woerishofen Seniors op 35th"]
[Site "Bad Woerishofen"]
[Date "2019.03.23"]
[Round "9.6"]
[White "Mueller, Erich"]
[Black "Pfitzer, Norbert"]
[Result "1/2-1/2"]
[WhiteElo "2084"]
[BlackElo "2025"]
[PlyCount "66"]
[EventDate "2019.03.15"]
[EventType "swiss"]
[EventRounds "9"]
[EventCountry "GER"]
[SourceTitle "EXT 2020"]
[Source "ChessBase"]
[SourceDate "2019.10.17"]
[SourceVersion "1"]
[SourceVersionDate "2019.10.17"]
[SourceQuality "1"]

1. e4 e6 2. d4 d5 3. Nd2 Nf6 4. e5 Nfd7 5. Bd3 c5 6. c3 Nc6 7. Ndf3 cxd4 8. cxd4 f6 9. exf6 Nxf6 10. Ne2 Bd6 11. Bf4 0-0 12. 0-0 Bxf4 13. Nxf4 Ne4 14. Nh5 Ng5 15. Ne5 Nxe5 16. dxe5 Nf7 17. Qg4 Qg5 18. Qh3 Nh6 19. f4 Qg4 20. Qxg4 Nxg4 21. Rac1 g6 22. Ng3 Bd7 23. Ne2 Rac8 24. g3 Kf7 25. Nd4 Ke7 26. Nf3 Bc6 27. h3 Nh6 28. Nd4 Nf7 29. Rf2 Ba4 30. Rxc8 Rxc8 31. b3 Bd7 32. Rc2 Rxc2 33. Nxc2 Nd8 1/2-1/2

[Event "Wch Seniors 65 28th"]
[Site "Bled"]
[Date "2018.11.25"]
[Round "7"]
[White "Choong, Liong On Mark"]
[Black "Pfitzer, Norbert"]
[Result "1-0"]
[WhiteElo "1932"]
[BlackElo "2066"]
[PlyCount "67"]
[EventDate "2018.11.18"]
[EventType "swiss"]
[EventRounds "11"]
[EventCountry "SLO"]
[SourceTitle "CBM 187 Extra"]
[Source "ChessBase"]
[SourceDate "2018.11.04"]
[SourceVersion "1"]
[SourceVersionDate "2018.11.04"]
[SourceQuality "1"]

1. c4 e5 2. g3 Bc5 3. Bg2 Nf6 4. Nc3 0-0 5. e3 Re8 6. a3 a5 7. Rb1 Nc6 8. Nge2 d6 9. 0-0 Bf5 10. d3 Qd7 11. Re1 Rab8 12. Qc2 Bh3 13. Na4 Ba7 14. Bh1 Ng4 15. Nec3 Rbc8 16. b4 Qf5 17. b5 Nd8 18. b6 cxb6 19. Nb5 Rxc4 20. Nac3 Rc5 21. f3 Nf6 22. Nxa7 Nd5 23. Nab5 Nxc3 24. Nxc3 Qc8 25. Bd2 b5 26. Rec1 Bd7 27. Qb2 Qb8 28. e4 Rxc3 29. Bxc3 Ne6 30. Qf2 Nc5 31. Rd1 b6 32. d4 Na4 33. Ba1 Qb7 34. Bg2 1-0

[Event "Wch Seniors 65 28th"]
[Site "Bled"]
[Date "2018.11.22"]
[Round "5"]
[White "Dalling, Peter"]
[Black "Pfitzer, Norbert"]
[Result "0-1"]
[WhiteElo "1811"]
[BlackElo "2066"]
[PlyCount "149"]
[EventDate "2018.11.18"]
[EventType "swiss"]
[EventRounds "11"]
[EventCountry "SLO"]
[SourceTitle "CBM 187 Extra"]
[Source "ChessBase"]
[SourceDate "2018.11.04"]
[SourceVersion "1"]
[SourceVersionDate "2018.11.04"]
[SourceQuality "1"]

1. e4 e5 2. Nf3 d6 3. Nc3 Nf6 4. d4 exd4 5. Nxd4 Be7 6. Bc4 0-0 7. Bb3 a6 8. a4 Re8 9. 0-0 Nbd7 10. Re1 Nc5 11. Ba2 Bf8 12. f3 Bd7 13. Bg5 h6 14. Bh4 c6 15. a5 g5 16. Bf2 Be6 17. Bxe6 fxe6 18. b4 Ncd7 19. Na4 c5 20. bxc5 dxc5 21. Nb3 Qc7 22. e5 Nd5 23. c4 Nf4 24. Qc2 Rad8 25. Qe4 Bg7 26. Naxc5 Nxe5 27. Rad1 Qc6 28. Qxc6 bxc6 29. Nxa6 Nxc4 30. Nac5 Bc3 31. Rf1 Nxa5 32. Nxa5 Bxa5 33. Ne4 Rxd1 34. Rxd1 Rd8 35. Ra1 Bb4 36. Bb6 Rb8 37. Bc7 Rb7 38. Be5 Kf7 39. Ra6 Nd3 40. Bg3 Bf8 41. Kf1 c5 42. h4 gxh4 43. Bd6 c4 44. Rc6 Nb2 45. Be5 Nd3 46. Bd6 Rb1+ 47. Ke2 Bxd6 48. Nxd6+ Ke7 49. Nxc4 Nf4+ 50. Kf2 Rc1 51. Ne5 Rb1 52. Rc2 h5 53. Nc4 Kf6 54. Ne3 h3 55. gxh3 Nxh3+ 56. Kg3 Ng5 57. Rh2 Rb3 58. Re2 e5 59. f4 exf4+ 60. Kxf4 Rb4+ 61. Kg3 h4+ 62. Kh2 Kg6 63. Nd5 Rb3 64. Re3 Rb2+ 65. Kh1 Kf5 66. Ra3 Ke5 67. Ne7 Ke4 68. Ra4+ Kf3 69. Rxh4 Rb1+ 70. Kh2 Kf2 71. Rf4+ Nf3+ 72. Rxf3+ Kxf3 73. Nd5 Rb5 74. Nc3 Rh5+ 75. Kg1 0-1